• 首页
  • 本馆介绍
  • 公告通知
  • 最新文献
  • 馆藏检索
  • 电子资源
  • 读者导购
  • 参考咨询
  • 我的图书馆
  • 登录
  • 详细信息显示
  • 放入我的书架
  • 预约/预借图书
  • 作者相关作品
  • 分类相关作品
  • 丛书相关作品
  • 出版社相关作品

书目信息

  • 表格格式
  • 工作单格式
  • 卡片格式
题名:
极值问题的初等数学解法
    
 
作者: 杨景星 , 杨景芳 编
分册:  
出版信息: 北京   地质出版社  1981
页数: 167页
开本: 19cm
丛书名:
单 册:
中图分类: O122.5
科图分类:
主题词: 极值(数学)-初等代数--解题 , 初等代数-级值(数学)--解题
电子资源:
ISBN:
000 00748nam0 2200265 45
001 0181009953
005 20040707085430.7
010    @dCNY0.67
091    @a7038.新15
100    @a19950609d1981 demy0chiy0121 ea
101 0  @achi
102    @aCN@b110000
105    @ay q 000yy
106    @ar
200 10 @a极值问题的初等数学解法@Aji zhi wen ti de chu deng shu xue jie fa@f杨景星,杨景芳编
210    @a北京@c地质出版社@d1981
215    @a167页@d19cm
606    @a极值(数学)-初等代数@x解题
606    @a初等代数-级值(数学)@x解题
690    @aO122.5@v3
701  0 @a杨景星@Ayang jing xing@4编
701  0 @a杨景芳@Ayang jing fang@4编
801  0 @aCN@b上海图书馆@c20040519
801  2 @aCN@bNLC@c20040519
905    @dO122.5@e1@f1@b68792
    
    极值问题的初等数学解法/杨景星,杨景芳编.-北京:地质出版社,1981
    167页;19cm
    
    
    ISBN :CNY0.67
    
●
相关链接 在E读中查询图书 在五车中查询图书 在当当中查询图书 在豆瓣中查询图书


正题名:极值问题的初等数学解法     索取号:O122.5/1         预约/预借

序号 登录号 条形码 馆藏地/架位号 状态 备注
1 0068790   001243746   第三借阅区/ [索取号:O122.5/1] 在馆    
2 0068791   001243693   密集书库/ [索取号:O122.5/1] 在馆    
3 0068792   001954488   密集书库/ [索取号:O122.5/1] 在馆    
4 0068793   001243755   第三借阅区/ [索取号:O122.5/1] 在馆    
5 0068794   001243737   第二样本阅览室/ [索取号:O122.5/1] 在馆    
唐山师范学院图书馆 欢迎您!
大连网信软件有限公司© 版权所有